000 00852nam a2200265 i 4500
003 DO-SdBNP
005 20240305094326.0
007 ta
008 110413s1996 dr 000 0 spa d
040 _aDO-SdBNP
_bspa
_cBNPHU
_erda
082 _bG216
_222
100 1 _aGarcía de Peña, Luis V.
_912719
245 1 0 _aManual de derecho civil :
_bla sucesión intestada /
_cLuis V. García de Peña
264 1 _aSanto Domingo :
_bUNIBE,
_c1996.
300 _a170 páginas
_c21 cm.
336 _2rdacontent
_atexto
_btxt
337 _2rdamedia
_asin mediación
_bn
338 _2rdacarrier
_avolumen
_bnc
490 1 _aTextos universitarios
_v10
504 _aBibliografía p: 164
590 _aInventariado, 2023/ YL
710 2 _aUniversidad Iberoamericana (Santo Domingo, República Dominicana)
_984319
910 _aYLockward
942 _2ddc
_cLBS1
999 _c55029
_d55029